| 000 | 02319nam a2200361 i 4500 | ||
|---|---|---|---|
| 001 | 195004 | ||
| 003 | SpMaBN | ||
| 005 | 20250903094533.0 | ||
| 008 | 240523m2022 sp | |||| 001 0 spa | ||
| 015 | _aMON22 | ||
| 017 |
_aM 30684-2022 _bOficina Depósito Legal Madrid |
||
| 020 | _a9788415069959 | ||
| 040 |
_aSpMaBN _bspa _cSpMaBN _erda |
||
| 080 | _a930.255(460.271) | ||
| 100 |
_aArranz Notario, Luis _9236645 _eaut |
||
| 245 | 1 | 0 |
_aCatálogo del Archivo Eduardo Dato en la Real Academia de la Historia : _bVolumen I / _cLuis Arranz Notario, académico correspondiente |
| 264 | 1 |
_aMadrid : _bReal Academia de la Historia, _c[2022-] |
|
| 300 |
_avolúmenes <1> (470 páginas) ; _c31 cm |
||
| 336 |
_aTexto _2rdacontent |
||
| 337 |
_asin mediación _2rdamedia |
||
| 338 |
_avolumen _2rdacarrier |
||
| 500 | _aÍndices | ||
| 520 | _aInventario de la correspondencia política entre Eduardo Dato y la Familia Real, ministros, diputados y senadores en las dos últimas décadas de la Restauración. El archivo de Eduardo Dato fue depositado en la Real Academia de la Historia a finales de 1971 por el V duque de Dato, don Eduardo Espinosa de los Monteros y Español. Don Jesús Pabón, el entonces director de la corporación, encomendó el trabajo de organizarlo a Carlos Seco Serrano, quien fue elegido académico de número de esta Real Academia en 1977. En este trabajo previo de ordenación y clasificación provisional se ha basado la labor de descripción exhaustiva e identificación de cada documento que ofrece este Catálogo a cargo del académico correspondiente Luis Arranz, que pone a disposición del público investigador y de toda persona interesada uno de los fondos más importantes de este periodo histórico. | ||
| 600 | 0 |
_aDato, Eduardo, _d1856-1921- _xArchivo- _vCatálogos _9236646 |
|
| 610 | 0 |
_aReal Academia de la Historia (España)- _bArchivo- _vCatálogos _9236647 |
|
| 655 | 7 |
_aCatálogos de archivos _2 _9236648 |
|
| 852 |
_aES-MaACL _cDEPOJ _jN-9895 _xEncuadernación cartoné _hDonación: Editorial _pVolumen I _9205813 |
||
| 942 |
_cMONOGRAFIA _n0 |
||
| 999 |
_c195004 _d195004 |
||